000 01188cam a22002054a 4500
005 20250605164212.0
008 250528s ||||||||||||||||||||||||d
035 _a20321
020 _a750669403
040 _aGR-AtMCL
_bgre
_dGR-AtMCL
_eAACR2
245 1 _aMaterials for Architects & Builders / Third Edition
250 _a3rd
260 _bElsevier,
_c2007
300 _a372
520 _aThis book provides an introduction to a wide range of building materials. The book also describes many recent technological innovations and rediscovered materials, reflecting an increased concern for environmental issues within the industry. Bricks and Brickwork, Blocks and Blockwork, Lime and Cement and Concrete, Timber and Timber Products, Ferrous and non-Ferrous Metals, Bitumen and Flat Roofing Materials, Glass, Ceramic Materials, Stone and Cast Stone, Plastics, Glass-Fibre Reinforced Plastics, Plaster and Board Materials, Insulation Materials, Energy-saving Materials and Components, Recycled and Ecological Materials, Sealants and Gaskets and Adhesives, Paints and Wood Stains and Varnishes.
700 1 _aLyons Arthur
_96327
942 _cBK
999 _c5443
_d5443